Degrees of costs effectiveness

Vplyvy zmeny vlastných nákladov na zmenu zisku sledovaného podniku. Teoretické vymedzenie oblasti problematiky. Popis vzorcov potrebných pre výpočet používaných ukazovateľov a ďalej je na vzorcoch a grafoch načrtnutý ekonomický účinok stupňov efektívnosti vlastných nákladov, z ktorých každý je chara...

Descripción completa

Guardado en:
Detalles Bibliográficos
Autor principal: Střeleček, František
Otros Autores: Kollar, Pavel, Lososová, Jana
Formato: Capítulo de libro
Lenguaje:inglés
Materias:
Etiquetas: Agregar Etiqueta
Sin Etiquetas, Sea el primero en etiquetar este registro!

MARC

LEADER 00000naa a2200000 4500
001 r045146
005 20231004091230.6
041 0 |a eng 
044 |a CZ 
245 1 0 |a Degrees of costs effectiveness  |c František Střeleček, Pavel Kollar, J. Lososová 
520 |a Vplyvy zmeny vlastných nákladov na zmenu zisku sledovaného podniku. Teoretické vymedzenie oblasti problematiky. Popis vzorcov potrebných pre výpočet používaných ukazovateľov a ďalej je na vzorcoch a grafoch načrtnutý ekonomický účinok stupňov efektívnosti vlastných nákladov, z ktorých každý je charakterizovaný piatimi bodmi v ktorých sú vyhodnotené a popísané sledované ukazovatele. 
610 2 0 |a náklady vlastné 
610 2 0 |a efektívnosť 
610 2 0 |a výkony podnikové 
610 2 0 |a zisk 
610 2 0 |a náklady jednotkové 
610 2 0 |a náklady produktívne 
610 2 0 |a rentabilita podniku 
610 2 0 |a výnosnosť 
610 2 0 |a ukazovatele efektívnosti 
610 2 0 |a ukazovatele hodnotové 
100 1 |a Střeleček, František 
700 1 |a Kollar, Pavel 
700 1 |a Lososová, Jana